[Event "Erfurt HT op 24th"]
[Site "Erfurt"]
[Date "2014.12.26"]
[Round "1"]
[White "Waehner, Manuel"]
[Black "Wolf, Isaak"]
[Result "1/2-1/2"]
[WhiteElo "1749"]
[BlackElo "2053"]
[PlyCount "92"]
[EventDate "2014.12.26"]
[EventType "swiss"]
[EventRounds "8"]
[EventCountry "GER"]
[SourceTitle "CBM 164 Extra"]
[Source "ChessBase"]
[SourceDate "2015.03.02"]
[SourceVersion "1"]
[SourceVersionDate "2015.03.02"]
[SourceQuality "1"]

1. d4 f5 2. c4 Nf6 3. Nf3 g6 4. g3 Bg7 5. Bg2 0-0 6. 0-0 d6 7. Nc3 Qe8 8. Re1 e5 9. dxe5 dxe5 10. e4 Nc6 11. Bg5 Nh5 12. Bc1 f4 13. b3 Bg4 14. Qd5+ Kh8 15. Nd2 Nb4 16. Qxb7 Nc2 17. Bb2 Qf7 18. Rf1 Nxa1 19. Bxa1 Rfd8 20. Ndb1 Be6 21. Bb2 g5 22. Nb5 f3 23. Bh1 g4 24. Qxc7 Rd7 25. Qc6 Rad8 26. Qc5 Rd1 27. N5c3 Rxf1+ 28. Kxf1 Qd7 29. Ke1 Qd3 30. Qe7 Bh6 31. Qxd8+ Qxd8 32. Nd5 Bxd5 33. exd5 Qa5+ 34. Kd1 Qxa2 35. Kc2 Bg7 36. Nc3 e4 37. Nxa2 Nf6 38. Bxf6 Bxf6 39. Kd2 Bd4 40. Ke1 Kg7 41. b4 Kf6 42. c5 Ke7 43. d6+ Kd7 44. Kf1 a6 45. Ke1 Kc6 46. Kf1 Kd7 1/2-1/2

[Event "Oberliga Ost-B 1213"]
[Site "Germany"]
[Date "2013.01.13"]
[Round "5.8"]
[White "Frei, Markus"]
[Black "Wolf, Isaak"]
[Result "0-1"]
[WhiteElo "1962"]
[BlackElo "2020"]
[PlyCount "94"]
[EventDate "2012.09.30"]
[EventType "team-tourn"]
[EventRounds "11"]
[EventCountry "GER"]
[SourceTitle "EXT 2014"]
[Source "ChessBase"]
[SourceDate "2013.11.20"]
[SourceVersion "1"]
[SourceVersionDate "2013.11.20"]
[SourceQuality "1"]
[WhiteTeam "Moerlenbach"]
[BlackTeam "Jena Jenapharm"]
[WhiteTeamCountry "GER"]
[BlackTeamCountry "GER"]

1. e4 e5 2. Nf3 Nc6 3. Bb5 f5 4. Nc3 Bc5 5. 0-0 Nf6 6. exf5 0-0 7. Nxe5 Nd4 8. d3 d5 9. Nf3 Bxf5 10. Nxd4 Bxd4 11. Ne2 Be5 12. f4 Bd6 13. h3 c6 14. Ba4 Qe8 15. Nd4 Bc5 16. c3 Qg6 17. Rf3 Bxd4+ 18. cxd4 Rae8 19. Bc2 Re7 20. Be3 Ng4 21. Qd2 Nxe3 22. Rxe3 Rxe3 23. Qxe3 Re8 24. Qf3 Qf6 25. Qf2 Qg6 26. g4 h5 27. g5 Bxh3 28. Re1 Rxe1+ 29. Qxe1 Qe6 30. Qxe6+ Bxe6 31. Bd1 g6 32. Kf2 Kf7 33. Kg3 Bf5 34. Be2 Ke6 35. b4 b6 36. Kh4 Kf7 37. Kg3 Ke6 38. Kh4 Ke7 39. Kg3 Kf8 40. Kh4 Ke7 41. Kg3 Kd7 42. Kh4 Kd6 43. Kg3 c5 44. dxc5+ bxc5 45. b5 Kc7 46. Bf3 c4 47. Bxd5 c3 0-1

[Event "Muehlhaeusen op"]
[Site "Muehlhausen"]
[Date "2007.05.16"]
[Round "1.2"]
[White "Wolf, Isaak"]
[Black "Ksieski, Zbigniew"]
[Result "0-1"]
[WhiteElo "1899"]
[BlackElo "2346"]
[PlyCount "47"]
[EventDate "2007.05.16"]
[EventType "swiss"]
[EventRounds "7"]
[EventCountry "GER"]
[SourceTitle "CBM 118 Extra"]
[Source "ChessBase"]
[SourceDate "2007.07.04"]
[SourceVersion "1"]
[SourceVersionDate "2007.07.04"]
[SourceQuality "1"]

1. e4 g6 2. Nf3 c5 3. d4 Bg7 4. Nc3 cxd4 5. Nxd4 Nc6 6. Be3 Nf6 7. Bc4 0-0 8. 0-0 d6 9. h3 Bd7 10. Qd2 Nxd4 11. Bxd4 b5 12. Nxb5 Nxe4 13. Qe3 Bxd4 14. Nxd4 Nf6 15. c3 e5 16. Nf3 Bc6 17. Rad1 Qc7 18. Bb3 a5 19. Rfe1 a4 20. Bc2 Kg7 21. Nd2 Nd5 22. Qg5 f5 23. h4 Nf4 24. Nf3 0-1

[Event "Thueringen-ch"]
[Site "Jena"]
[Date "2006.04.15"]
[Round "6"]
[White "Koksch, Florian"]
[Black "Wolf, Isaak"]
[Result "1/2-1/2"]
[WhiteElo "1843"]
[BlackElo "1904"]
[PlyCount "36"]
[EventDate "2006.04.12"]
[EventType "swiss"]
[EventRounds "9"]
[EventCountry "GER"]
[SourceTitle "EXT 2007"]
[Source "ChessBase"]
[SourceDate "2006.11.23"]
[SourceVersion "1"]
[SourceVersionDate "2006.11.23"]
[SourceQuality "1"]

1. e4 e5 2. Bc4 Nc6 3. Nf3 Bc5 4. b4 Bxb4 5. c3 Bd6 6. d4 Nf6 7. dxe5 Bxe5 8. Ba3 d6 9. Ng5 0-0 10. 0-0 Ng4 11. Nf3 Qf6 12. h3 Bxc3 13. Nxc3 Qxc3 14. Bb3 Nh6 15. Rc1 Qf6 16. e5 Nxe5 17. Nxe5 Qxe5 18. Rxc7 Re8 1/2-1/2

[Event "Thueringen-ch"]
[Site "Jena"]
[Date "2006.04.14"]
[Round "4"]
[White "Kretzschmar, Bernd"]
[Black "Wolf, Isaak"]
[Result "1-0"]
[WhiteElo "2046"]
[BlackElo "1904"]
[PlyCount "93"]
[EventDate "2006.04.12"]
[EventType "swiss"]
[EventRounds "9"]
[EventCountry "GER"]
[SourceTitle "EXT 2007"]
[Source "ChessBase"]
[SourceDate "2006.11.23"]
[SourceVersion "1"]
[SourceVersionDate "2006.11.23"]
[SourceQuality "1"]

1. e4 e5 2. Nf3 Nc6 3. Bb5 a6 4. Bxc6 dxc6 5. 0-0 Bg4 6. h3 Bxf3 7. Qxf3 Qf6 8. Qxf6 Nxf6 9. d3 Bc5 10. Kh2 0-0-0 11. Bg5 h6 12. Bxf6 gxf6 13. Nd2 Bd4 14. Rab1 Rd6 15. Nf3 f5 16. exf5 Rf6 17. Nh4 Re8 18. c3 Bc5 19. Rbe1 Kd7 20. b4 Bd6 21. Re4 Be7 22. Rd1 c5 23. a3 cxb4 24. cxb4 c5 25. g3 cxb4 26. axb4 Rb6 27. Nf3 f6 28. d4 Rd6 29. Rde1 exd4 30. Nxd4 Rd5 31. R1e2 Re5 32. Rxe5 fxe5 33. Nc2 Bd6 34. Rd2 Rf8 35. Ne3 Kc6 36. Rd5 Re8 37. f6 Bxb4 38. Rd1 Bd6 39. Nf5 Bf8 40. f7 Rc8 41. Nh4 Rc7 42. Ng6 Bg7 43. Nxe5+ Kc5 44. f4 b5 45. f5 Kb4 46. f6 Bf8 47. Nd7 1-0

[Event "Thueringen-ch"]
[Site "Jena"]
[Date "2006.04.13"]
[Round "3"]
[White "Wolf, Isaak"]
[Black "Stridde, Peter"]
[Result "0-1"]
[WhiteElo "1904"]
[BlackElo "2084"]
[PlyCount "54"]
[EventDate "2006.04.12"]
[EventType "swiss"]
[EventRounds "9"]
[EventCountry "GER"]
[SourceTitle "EXT 2007"]
[Source "ChessBase"]
[SourceDate "2006.11.23"]
[SourceVersion "1"]
[SourceVersionDate "2006.11.23"]
[SourceQuality "1"]

1. e4 Nc6 2. d4 e5 3. d5 Nce7 4. Nf3 Ng6 5. c4 Nf6 6. Bd3 Bc5 7. 0-0 0-0 8. a3 a5 9. Nc3 d6 10. Rb1 Bd7 11. Qc2 Nh5 12. h3 Nhf4 13. Ne2 Nxd3 14. Qxd3 f5 15. Ng3 f4 16. Ne2 Nh4 17. Bd2 Nxf3+ 18. Qxf3 Qh4 19. b4 axb4 20. axb4 Ba7 21. Rfc1 g5 22. c5 g4 23. hxg4 Bxg4 24. Qd3 f3 25. Ng3 fxg2 26. Qe3 Rf4 27. Ra1 Bf3 0-1

[Event "GER-chT U12"]
[Site "Verden"]
[Date "2005.12.28"]
[Round "4.2"]
[White "Wolf, Isaak"]
[Black "Hager, Joshua Aarash"]
[Result "0-1"]
[WhiteElo "1630"]
[BlackElo "1748"]
[PlyCount "64"]
[EventDate "2005.12.27"]
[EventType "team-swiss"]
[EventRounds "7"]
[EventCountry "GER"]
[SourceTitle "CBM 110 Extra"]
[Source "ChessBase"]
[SourceDate "2006.03.10"]
[SourceVersion "2"]
[SourceVersionDate "2006.03.10"]
[SourceQuality "1"]

1. e4 c5 2. Nf3 Nc6 3. d4 cxd4 4. Nxd4 g6 5. Nc3 Bg7 6. Be3 Nf6 7. Bc4 0-0 8. 0-0 d6 9. Re1 Ng4 10. Nxc6 bxc6 11. Qd2 Nxe3 12. Qxe3 Qb6 13. Qxb6 axb6 14. a3 b5 15. Bb3 Be6 16. Bxe6 fxe6 17. f3 Ra7 18. Ra2 Rfa8 19. Rea1 d5 20. Kf2 g5 21. Ke2 Be5 22. h3 d4 23. Nd1 Bd6 24. c3 e5 25. Kd3 c5 26. Kc2 c4 27. Kd2 Kf7 28. Nf2 dxc3+ 29. Kxc3 b4+ 30. Kxc4 Rc7+ 31. Kb3 bxa3 32. bxa3 Rb8+ 0-1

[Event "Jena Fair op"]
[Site "Jena"]
[Date "2005.10.20"]
[Round "5"]
[White "Pichl, Michael"]
[Black "Wolf, Isaak"]
[Result "1-0"]
[WhiteElo "2062"]
[BlackElo "1886"]
[PlyCount "86"]
[EventDate "2005.10.18"]
[EventType "swiss"]
[EventRounds "8"]
[EventCountry "GER"]
[SourceTitle "EXT 2006"]
[Source "ChessBase"]
[SourceDate "2005.11.24"]
[SourceVersion "1"]
[SourceVersionDate "2005.11.24"]
[SourceQuality "1"]

1. Nf3 d5 2. g3 Nc6 3. Bg2 e5 4. d3 Nf6 5. 0-0 Bc5 6. c4 dxc4 7. Qa4 0-0 8. Qxc4 Bb6 9. a3 Be6 10. Qc2 Qd7 11. Re1 Rad8 12. Nc3 h6 13. Na4 Rc8 14. Nc5 Bxc5 15. Qxc5 Qd6 16. Qc2 Bd5 17. e4 Be6 18. Be3 Rcd8 19. Bc5 Qxd3 20. Qxd3 Rxd3 21. Bxf8 Kxf8 22. Rac1 Rb3 23. Rc2 Bg4 24. Nd2 Rd3 25. Nc4 Nd4 26. Rd2 Rxd2 27. Nxd2 g5 28. Nc4 Nd7 29. Ne3 Be6 30. Nf5 Bxf5 31. exf5 b6 32. Be4 f6 33. Kf1 Ke7 34. b4 c5 35. Rc1 Kd6 36. f3 Ke7 37. Kf2 Kd6 38. Ke3 Ke7 39. g4 Kf7 40. Bb7 Ke7 41. Bc8 Nf8 42. bxc5 Nb3 43. cxb6 axb6 1-0

[Event "GER-ch U12"]
[Site "Willingen"]
[Date "2005.05.20"]
[Round "10"]
[White "Wolf, Isaak"]
[Black "Duerre, Gregor"]
[Result "0-1"]
[WhiteElo "1470"]
[BlackElo "1319"]
[PlyCount "58"]
[EventDate "2005.05.14"]
[EventType "swiss"]
[EventRounds "11"]
[EventCountry "GER"]
[SourceTitle "CBM 106 Extra"]
[Source "ChessBase"]
[SourceDate "2005.07.01"]
[SourceVersion "1"]
[SourceVersionDate "2005.07.01"]
[SourceQuality "1"]

1. e4 c5 2. Nf3 Nc6 3. d4 cxd4 4. Nxd4 Nf6 5. Nc3 e5 6. Ndb5 d6 7. Bg5 a6 8. Na3 b5 9. Bxf6 gxf6 10. Nd5 Bg7 11. Qf3 Nd4 12. Qd3 f5 13. Qg3 0-0 14. c3 f4 15. Qd3 Ne6 16. Nc2 Nc5 17. Qf3 f5 18. Bd3 Qg5 19. Nb6 fxe4 20. Bxe4 Bg4 21. h4 Qh5 22. Bxh7+ Kxh7 23. Qd5 Rad8 24. f3 Bf5 25. 0-0-0 Qg6 26. Qd2 Nd3+ 27. Kb1 d5 28. Nxd5 Rxd5 29. h5 Qe6 0-1

[Event "GER-ch U12"]
[Site "Willingen"]
[Date "2005.05.19"]
[Round "8"]
[White "Wolf, Isaak"]
[Black "Risius, Philipp"]
[Result "1/2-1/2"]
[WhiteElo "1470"]
[BlackElo "1429"]
[PlyCount "50"]
[EventDate "2005.05.14"]
[EventType "swiss"]
[EventRounds "11"]
[EventCountry "GER"]
[SourceTitle "CBM 106 Extra"]
[Source "ChessBase"]
[SourceDate "2005.07.01"]
[SourceVersion "1"]
[SourceVersionDate "2005.07.01"]
[SourceQuality "1"]

1. e4 e5 2. Nc3 Nc6 3. Nf3 Nf6 4. Bb5 Bc5 5. d3 h6 6. 0-0 d6 7. Be3 Bb6 8. h3 0-0 9. Qd2 Nd4 10. Bxd4 exd4 11. Ne2 c6 12. Bc4 c5 13. Nf4 Re8 14. a3 Bd7 15. Rfe1 Bc7 16. Nd5 Nxd5 17. Bxd5 Bc6 18. Bxc6 bxc6 19. c3 dxc3 20. bxc3 Qf6 21. Rab1 Rab8 22. Qc2 d5 23. Nd2 Ba5 24. Rxb8 Rxb8 25. e5 Qe6 1/2-1/2

[Event "Muehlhausen op"]
[Site "Muehlhausen"]
[Date "2005.05.05"]
[Round "3"]
[White "Rafiee, Makan"]
[Black "Wolf, Isaak"]
[Result "1/2-1/2"]
[WhiteElo "1980"]
[BlackElo "1886"]
[PlyCount "35"]
[EventDate "2005.05.04"]
[EventType "swiss"]
[EventRounds "7"]
[EventCountry "GER"]
[SourceTitle "EXT 2006"]
[Source "ChessBase"]
[SourceDate "2005.11.24"]
[SourceVersion "1"]
[SourceVersionDate "2005.11.24"]
[SourceQuality "1"]

1. e4 e5 2. f4 Bc5 3. Nf3 d6 4. Bc4 Nc6 5. Nc3 Nf6 6. f5 Ng4 7. d4 exd4 8. Nxd4 Nf2 9. Qh5 Ne5 10. Ne6 Bxe6 11. fxe6 g6 12. Qh6 Nxh1 13. Qg7 Qh4+ 14. g3 Nf3+ 15. Ke2 Nd4+ 16. Ke1 Nf3+ 17. Ke2 Ng1+ 18. Ke1 1/2-1/2

[Event "GER-chT U12"]
[Site "Verden"]
[Date "2004.12.29"]
[Round "6.2"]
[White "Wolf, Isaak"]
[Black "Kingerter, Kjell"]
[Result "1-0"]
[WhiteElo "1440"]
[BlackElo "729"]
[PlyCount "63"]
[EventDate "2004.12.27"]
[EventType "team-swiss"]
[EventRounds "7"]
[EventCountry "GER"]
[SourceTitle "EXT 2006"]
[Source "ChessBase"]
[SourceDate "2005.11.24"]
[SourceVersion "1"]
[SourceVersionDate "2005.11.24"]
[SourceQuality "1"]

1. e4 d5 2. exd5 Qxd5 3. Nc3 Qa5 4. d4 Nf6 5. Bd2 Bg4 6. f3 Bh5 7. Bb5+ c6 8. Bc4 Qb6 9. Nge2 e6 10. 0-0 c5 11. Be3 Nc6 12. d5 0-0-0 13. b3 Bd6 14. Bf4 Ne5 15. Rb1 Qc7 16. Nb5 Qa5 17. Nxd6+ Rxd6 18. Bxe5 Rd7 19. Nf4 Bg6 20. Qe2 exd5 21. Bxf6 gxf6 22. Nxd5 Rhd8 23. Nxf6 Rd2 24. Qe5 Bxc2 25. Rb2 Rd1 26. Rxc2 Rxf1+ 27. Bxf1 Rd1 28. Qxc5+ Qxc5+ 29. Rxc5+ Kd8 30. Rd5+ Rxd5 31. Nxd5 Kd7 32. Nf6+ 1-0

[Event "GER-chT U12"]
[Site "Verden"]
[Date "2004.12.27"]
[Round "1.2"]
[White "Stitterich, Nadine"]
[Black "Wolf, Isaak"]
[Result "1/2-1/2"]
[WhiteElo "1244"]
[BlackElo "1440"]
[PlyCount "162"]
[EventDate "2004.12.27"]
[EventType "team-swiss"]
[EventRounds "7"]
[EventCountry "GER"]
[SourceTitle "EXT 2006"]
[Source "ChessBase"]
[SourceDate "2005.11.24"]
[SourceVersion "1"]
[SourceVersionDate "2005.11.24"]
[SourceQuality "1"]

1. e4 e5 2. Nf3 Nc6 3. Bb5 d6 4. 0-0 Bg4 5. c3 Nf6 6. Re1 Be7 7. d3 0-0 8. Nbd2 Re8 9. Nf1 a6 10. Ba4 Qd7 11. h3 Bxf3 12. Qxf3 Nd4 13. Qd1 Nc6 14. d4 b5 15. Bc2 Rad8 16. Ng3 h6 17. b4 exd4 18. cxd4 Nxb4 19. Bb3 d5 20. e5 Nh7 21. a3 Nc6 22. Bc2 Qc8 23. Bb2 g6 24. Qd2 Bg5 25. Qc3 Qe6 26. Qf3 Bd2 27. Red1 Ng5 28. Qe2 Ba5 29. f4 Nh7 30. Qf1 Bb6 31. f5 gxf5 32. Bxf5 Qxe5 33. Qd3 Qe3+ 34. Qxe3 Rxe3 35. Kh2 Ng5 36. Bc1 Re7 37. h4 Bxd4 38. Rxd4 Nxd4 39. hxg5 Re5 40. Bh3 Re1 41. Bb2 Rxa1 42. Bxa1 Nc2 43. Bf6 Rd6 44. Nf5 Rxf6 45. gxf6 Kh7 46. Ne7 Ne3 47. Bc8 d4 48. Bxa6 d3 49. Bxb5 d2 50. Be2 d1Q 51. Bxd1 Nxd1 52. a4 Nc3 53. a5 Nb5 54. a6 Na7 55. Kg3 h5 56. Kf4 Kh6 57. Ke5 Kg5 58. Nf5 h4 59. Ne3 Nb5 60. Kd5 Na7 61. Kc5 Kf4 62. Nf1 Ke5 63. Kc4 Kxf6 64. Kd4 Ke6 65. Ne3 Kd6 66. Nf5+ Kc6 67. Nxh4 Kb6 68. Nf5 Kxa6 69. Nh6 Kb6 70. Nxf7 c5+ 71. Kc4 Nc6 72. Nd6 Nd4 73. Ne4 Ne6 74. g4 Kc6 75. Nf6 Ng5 76. Nh5 Kd6 77. Nf4 Ke5 78. Nd3+ Ke4 79. Nf2+ Kf3 80. Kxc5 Kxf2 81. Kd5 Kg3 1/2-1/2

[Event "GER-chT U12"]
[Site "Verden"]
[Date "2004.12.27"]
[Round "2.2"]
[White "Wolf, Isaak"]
[Black "Wang, Zhangxian"]
[Result "1/2-1/2"]
[WhiteElo "1440"]
[BlackElo "1704"]
[PlyCount "85"]
[EventDate "2004.12.27"]
[EventType "team-swiss"]
[EventRounds "7"]
[EventCountry "GER"]
[SourceTitle "EXT 2006"]
[Source "ChessBase"]
[SourceDate "2005.11.24"]
[SourceVersion "1"]
[SourceVersionDate "2005.11.24"]
[SourceQuality "1"]

1. e4 c6 2. d4 d5 3. e5 Bf5 4. c4 dxc4 5. Bxc4 e6 6. Nf3 Ne7 7. Bg5 h6 8. Bd2 Nd7 9. 0-0 Nb6 10. Bb3 Ned5 11. Nc3 Be7 12. Nxd5 Nxd5 13. Bc2 Bxc2 14. Qxc2 0-0 15. Rfe1 Qb6 16. Re4 Rfd8 17. Rg4 Kh8 18. Re1 Nb4 19. Qb3 Na6 20. Qc2 Rd7 21. Re3 Nb4 22. Qa4 Qa6 23. Qxa6 Nxa6 24. h3 Rad8 25. Bc3 Nb4 26. a3 Nd5 27. Rd3 Nc7 28. Re4 c5 29. Rd2 c4 30. Kf1 Nd5 31. Rc2 Rc8 32. Ke2 Bd8 33. g3 Bb6 34. g4 Rcd8 35. h4 Bc7 36. g5 b5 37. gxh6 gxh6 38. Rg4 a5 39. h5 Bb6 40. Rg3 Ne7 41. Rc1 Nf5 42. Rg4 Nxd4+ 43. Nxd4 1/2-1/2